| 000 | nam a22 7a 4500 | ||
|---|---|---|---|
| 999 |
_c127560 _d127560 |
||
| 008 | 180226b xxu||||| |||| 00| 0 eng d | ||
| 050 |
_aBR1430 _b.A37 1987 |
||
| 100 |
_aAgossou, Medewale-Jacob _939613 |
||
| 245 |
_aChristianisme Africain _bune fraternite au-dela de l'ethnie _cMedewale-Jacob Agossou |
||
| 260 |
_aParis _bEditions Karthala _c1987 |
||
| 300 |
_a217p. ; _c22cm. |
||
| 650 |
_aChristianity _zAfrica, Sub-Saharan _939614 |
||
| 650 |
_aAfrica, Sub-Saharan _xReligion _939936 |
||
| 942 |
_2lcc _cMONOGRAPH |
||